01318cam a2200277 a 450000100090000000300040000900500170001300800410003001000170007102000250008802000220011302000180013504000180015305000210017108200210019210000310021324500970024425000130034126000550035430000470040950000290045650400530048550504580053865000290099670000150102515570015OSt20200128101456.0081229s2010 njua b 001 0 eng  a 2008055739 a9780136077619 (pbk.) a0136077617 (pbk.) a9788131727645 aDLCcDLCdDLC00aHD58.7b.R6 201000a658.3222bROB/E aRobbins, Stephen P d1943-10aEssentials of organizational behavior /cStephen P. Robbins, Timothy A. Judge, Seema Sanghi. a10th ed. aUpper Saddle River, N.J. :bPrentice Hall,cc2010. axxiv, 327 p. :bill. (some col.) ;c23 cm. a"Pearson"--Cover p. [1]. aIncludes bibliographical references and glindex.0 aIntroduction to organizational behavior -- Personality and values -- Perception and individual decision making -- Job attitudes -- Motivation concepts -- Motivation : from concepts to applications -- Emotions and moods -- Foundations of group behavior -- Understanding work teams -- Communication -- Leadership -- Power and politics -- Conflict and negotiation -- Foundations of organization structure -- Organizational culture -- Organizational change. 0aOrganizational behavior.1 aJudge, Tim